000 00526nam a2200169 i 4500
001 48847
003 ES-MaACL
005 20230906161831.0
007 t|
008 030701s1962 sp ||||1| spa d
100 1 _aCordell, Alexander.
_940502
245 1 0 _aViolando esta hermosa tierra /
_cAlexander Cordell ; [traducción de Valentina Gómez de Muñoz].
260 _aBarcelona :
_bPomaire,
_c[1962]
300 _a371 p. ;
_c18 cm.
700 1 _aGómez de Muñoz, Valentina.
_957915
852 _aES-MaACL
_jC-35361
_bR.67831
999 _c48847
_d48847